| 000 | 00381 a2200157 4500 | ||
|---|---|---|---|
| 001 | 194386 | ||
| 020 | _a978-85-8193-433-4 | ||
| 040 | _cMagnum | ||
| 100 | _aZumbujal, Isabel | ||
| 240 | 1 | 0 |
_aLaura e Lucas descobrem Di Cavalcanti _lpor |
| 245 | 1 | 0 | _aLaura e Lucas descobrem Di Cavalcanti |
| 300 | _a32 | ||
| 362 | 0 | _a2019 | |
| 697 | _aLITERATURA INFANTO-JUVENIL | ||
| 942 | _cBK | ||
| 999 |
_c194386 _d194386 |
||